Race and reunion : the Civil War in American memory

Αποθηκεύτηκε σε:
Λεπτομέρειες βιβλιογραφικής εγγραφής
Κύριος συγγραφέας: Blight, David W.
Μορφή: Βιβλίο
Γλώσσα:English
Δημοσίευση: Cambridge, Mass : Belknap Press of Harvard University Press, c2001
Θέματα:
Ετικέτες: Προσθήκη ετικέτας
Δεν υπάρχουν, Καταχωρήστε ετικέτα πρώτοι!

MARC

LEADER 00000nam a2200000 i 4500
001 1/78239
008 080321s2001 eng d
020 |a 0-674-00819-7 
035 |l 10095681 
040 |a GR-MY-UA  |b gre  |e aacr 
041 0 |a eng 
082 0 |a 973.7  |2 (22) 
100 1 |a Blight, David W. 
245 1 0 |a Race and reunion :  |b the Civil War in American memory /  |c David W. Blight 
260 |a Cambridge, Mass :   |b Belknap Press of Harvard University Press,   |c c2001 
300 |a 512 σ.;  |b εικ.;  |c 24 εκ. 
504 |a Περιέχει βιβλιογραφικές παραπομπές και ευρετήριο 
650 0 0 |a Reconstruction (U.S. history, 1865-1877) 
650 0 0 |a War and society  |z United States  |x History. 
650 0 0 |a Memory  |x Social aspects  |z United States  |x History. 
651 0 |a United States  |x History  |y Civil War, 1861-1865  |x Influence. 
651 0 |a United States  |x History  |y Civil War, 1861-1865  |x Social aspects. 
651 0 |a United States  |x History  |y Civil War, 1861-1865  |x African Americans. 
651 0 |a United States  |x Race relations. 
852 |a INST  |b LESVOS  |e 20080321  |h 973.7 BLI  |p 005100038729  |q 005100038729  |t BK  |y 0 
901 |a BIBL1-2008-1 
909 |a Λ  |b 143073 
922 |a 1ΕΛΗ  |b 200712  |c ΕΠΕΑΕΚ2/ΤΚΑ  |d ΠΑΠΑΣΩΤΗΡΙΟΥ 
970 |a ΓΙΑΛΑΜΑ  |b ΜΑΡΙΑ  |z 2008/03/21